Turcologica Upsaliensia : An Illustrated Collection of Essays /
The richly illustrated essays in Turcologica Upsaliensia tell the stories of scholars, travellers, diplomats and collectors who made discoveries in the Turkic-speaking world while affiliated with Sweden's oldest university, at Uppsala. The study of Oriental languages, including Turkic, has a lo...
Other Authors: , , ,
Format: eBook
Language: English
Published:
Leiden; Boston :
BRILL,
2021.
Subjects:
Online Access: Login to view Source
Tags: Add Tag
Call Number: PR6019.O9
| LEADER | 04350nam a22004691i 4500 | ||
|---|---|---|---|
| 001 | BRILL9789004435858 | ||
| 003 | nllekb | ||
| 005 | 20211118222554.0 | ||
| 006 | m d | ||
| 007 | cr un uuuua | ||
| 008 | 200813s2021 ne sb 001 0 eng d | ||
| 020 | |a 9789004435858 |q (electronic book) | ||
| 020 | |a 9789004435704 |q (print) | ||
| 024 | 7 | |a 10.1163/9789004435858 |2 DOI | |
| 035 | |z (OCoLC)1178892923 | ||
| 040 | |a NL-LeKB |c NL-LeKB |e rda | ||
| 050 | 4 | |a PR6019.O9 | |
| 072 | 7 | |a HBJF1 |2 bicssc | |
| 072 | 7 | |a HIS |x 003000 |2 bisacsh | |
| 072 | 7 | |a HIS |x 026000 |2 bisacsh | |
| 082 | 0 | 4 | |a 823/.912 |2 23 |
| 245 | 0 | 0 | |a Turcologica Upsaliensia : |b An Illustrated Collection of Essays / |c edited by Éva Á. Csató, Gunilla Gren-Eklund, Lars Johanson, Birsel Karakoç. |
| 246 | 3 | |a An Illustrated Collection of Essays | |
| 264 | 1 | |a Leiden; |a Boston : |b BRILL, |c 2021. | |
| 300 | |a 1 online resource | ||
| 336 | |a text |b txt |2 rdacontent | ||
| 337 | |a computer |b c |2 rdamedia | ||
| 338 | |a online resource |2 rdacarrier | ||
| 504 | |a Includes bibliographical references and index. | ||
| 505 | 0 | |a Preface of the Editors -- Gunilla Gren-Eklund -- Early History of Uppsala University and the Chair of Oriental Languages -- Per Cullhed -- Turkic Cultural Heritage in the Oriental Collections of Uppsala University Library -- Lars Johanson -- Turkic Studies in the Swedish Empire 1632-1718 -- Josef Eskhult -- Christian Ravius' Turkic and Semitic Studies and his Work as an Orientalist in the Swedish State Service -- Hans Helander -- The Turkish Threat in Early Modern Latin Literature -- Hans Helander -- Gustaf Peringer's Speech in Praise of the Oriental Languages (1674) and his Evaluation of the Turkish Tongue -- Éva Ágnes Csató -- Gustaf Peringer and the Karaim -- Ulla Birgegård -- J. G. Sparwenfeld and the Oriental Languages -- Sabira Ståhlberg and Ingvar Svanberg -- Frederick Hasselquist in Smyrna and Magnesia -- Bernt Brendemoen -- The Eighth International Congress of Orientalists, Held in Stockholm/Uppsala and Christiania (1-14 September 1889), and its Echo in Turkish Literature -- Birsel Karakoç, Fikret Turan and Ali Yıldız -- Ottoman and Chaghatay Manuscripts at Uppsala University Library -- Lars Johanson -- Isfahan - Moscow - Uppsala. On Some Middle Azeri Manuscripts and the Stations Along Their Journey to Uppsala -- Kristof D'hulster -- From Tashkent to Mecca and Back. Notes on an 1885 Hajj Travelogue (Uppsala Ms. O Nov. 370) -- Kristof D'hulster -- A 19th-century Chaghatay-Kazakh Version of the Story of Jesus and the Skull -- Mohammad Fazlhashemi -- A Book for Children, Manual in Court Intrigues or Advice for Ethical Government - Appelboom's Swedish Translation of Kalila and Dimna -- Jan von Bonsdorff -- Carl Gustaf Löwenhielm's Turkish Sketchbooks from 1824 to 1827 -- Göran Bäärnhielm -- An Ottoman Exercise-Book in Map-Drawing Based on Pīrī Re'īs' Sailing Handbook. | |
| 520 | |a The richly illustrated essays in Turcologica Upsaliensia tell the stories of scholars, travellers, diplomats and collectors who made discoveries in the Turkic-speaking world while affiliated with Sweden's oldest university, at Uppsala. The study of Oriental languages, including Turkic, has a long tradition at Uppsala. The first part of the volume tells of famous Uppsala professors who were experts not only in Ottoman and Chaghatay, but also in smaller Turkic languages, and of their high esteem for Turkic culture. It also tells how collectors benefited from the Swedish court's cordial relations with the Ottomans. The second part describes selected manuscripts, art objects and maps, calling readers' attention to the cultural heritage preserved at the University Library, which is also accessible online. | ||
| 588 | |a Description based on print version record. | ||
| 650 | 0 | |a History. | |
| 700 | 1 | |a Csató, Éva Á., |e editor. | |
| 700 | 1 | |a Gren-Eklund, Gunilla, |e editor. | |
| 700 | 1 | |a Johanson, Lars, |e editor. | |
| 700 | 1 | |a Karakoç, Birsel, |e editor. | |
| 776 | 0 | 8 | |i Print version: |t Turcologica Upsaliensia : An Illustrated Collection of Essays, |d Leiden ; Boston : BRILL, 2021 |z 9789004435704 |
| 856 | 4 | |z DOI: |u http://dx.doi.org/10.1163/9789004435858 | |
| 942 | |2 lcc |c EBOOK | ||
| 952 | |0 0 |1 0 |2 lcc |4 0 |7 1 |9 23241 |a BRILL |b BRILL |d 2021-11-18 |l 0 |r 2021-11-18 00:00:00 |w 2021-11-18 |y EBOOK | ||
| 999 | |c 40715 |d 40715 | ||
